000 00570nam a2200169Ia 4500
008 090201s9999 xx 000 0 und d
010 _aKPL-57094
040 _bमराठी
041 _aमराठी
082 _a42233
_b57094
100 _aसंजय सोनवणी
245 _aमीच मांडीन खेळ माझा
_cसंजय सोनवणी
260 _c2004
_bपुष्प प्रकाशन लि.
300 _a80
_bमोठा
600 _aमीच मांडीन खेळ माझा
942 _cBOOK
999 _c239388
_d239388